El derecho en el siglo XIX (Record no. 53265)

MARC details
000 -LEADER
campo de control de longitud fija 00773nam a22001935i 4500
001 - NÚMERO DE CONTROL
campo de control 53265
003 - IDENTIFICADOR DE NÚMERO DE CONTROL
campo de control ES-MaACL
005 - FECHA Y HORA DE LA ÚLTIMA TRANSACCIÓN
campo de control 20250704063109.0
007 - CAMPO FIJO DE DESCRIPCIÓN FÍSICA--INFORMACIÓN GENERAL
campo de control de longitud fija t|
008 - DATOS DE LONGITUD FIJA--INFORMACIÓN GENERAL
campo de control de longitud fija 950912s1875 sp ||||1| spa d
040 ## - FUENTE DE CATALOGACIÓN
Centro catalogador/agencia de origen CAM
Lengua de catalogación spa
Centro/agencia transcriptor CAM
100 1# - ENTRADA PRINCIPAL--NOMBRE DE PERSONA
Nombre de persona Durán y Bas, Manuel,
Fechas asociadas al nombre 1823-1907
9 (RLIN) 46240
245 13 - MENCIÓN DEL TÍTULO
Título El derecho en el siglo XIX
Resto del título : discursos leídos en las sesiones inaugurales de la Academia de Jurisprudencia y Legislación de Barcelona en los años de 1868, 1869 y 1871 /
Mención de responsabilidad, etc. por Manuel Durán y Bas.
260 ## - PUBLICACIÓN, DISTRIBUCIÓN, ETC.
Lugar de publicación, distribución, etc. Barcelona :
Nombre del editor, distribuidor, etc. [s.n.],
Fecha de publicación, distribución, etc. 1875 (
Fabricante Imprenta de Federico Martí y Cantó)
300 ## - DESCRIPCIÓN FÍSICA
Extensión 134 p. ;
Dimensiones 27 cm.
710 2# - ENTRADA AGREGADA--NOMBRE DE ENTIDAD CORPORATIVA
Nombre de entidad corporativa o nombre de jurisdicción como elemento de entrada Academia de Jurisprudencia y Legislación de Barcelona.
9 (RLIN) 1182
852 ## - LOCALIZACIÓN
Ubicación ES-MaACL
Número de control de estantería T-1269-F-11
Holdings
Estatus retirado Estado de pérdida Estado de daño No para préstamo Colección Biblioteca de origen Biblioteca actual Ubicación en estantería Fecha de adquisición Fuente de adquisición Total de préstamos Signatura topográfica completa Código de barras Visto por última vez Precio de reemplazo Tipo de ítem Koha
        Colección de folletos Biblioteca del Ateneo de Madrid Biblioteca del Ateneo de Madrid Depósito folletos 17/01/2008     T-1269-F-11 1055969 23/02/2023 23/02/2023 Folleto